Disney Movies by Real Life Location - Statistics

General Stats
  • This quiz has been taken 139 times
    122 since last reset
  • The average score is 14 of 24
Answer Stats
Hint Answer % Correct
China Mulan
87%
Greece Hercules
79%
Norway Frozen
76%
Hawaii Lilo & Stitch
74%
Atlantic Ocean Atlantis: The Lost Empire
71%
Paris The Hunchback of Notre Dame
68%
India The Jungle Book
68%
France, outside Paris Beauty and the Beast
66%
Australia The Rescuers Down Under
66%
Colombia Encanto
61%
Louisiana The Princess and the Frog
61%
Nottingham Robin Hood
58%
Middle East Aladdin
55%
South Pacific Ocean Moana
55%
Italy Pinocchio
55%
Alaska Brother Bear
47%
Peru The Emperor's New Groove
47%
Kenya/Tanzania The Lion King
47%
Virginia Pocahontas
45%
Western United States Home on the Range
42%
London The Great Mouse Detective
42%
New York City Oliver and Company
39%
Central Africa, on the Atlantic Ocean Tarzan
32%
Iberian Peninsula Wish
26%
No matching quizzes found
Score Distribution
Percent of People with Each Score
Percentile by Number Answered
Your Score History
You have not taken this quiz since the last reset